| 000 | 00607nam a2200205 i 4500 | ||
|---|---|---|---|
| 001 | 115311 | ||
| 003 | ES-MaACL | ||
| 005 | 20230906190413.0 | ||
| 007 | t| | ||
| 008 | 070305q19011904sp ||||1| spa d | ||
| 100 | 1 |
_aTaboada, Luis. _9109024 |
|
| 245 | 1 | 4 |
_aLos cursis / _cLuis Taboada ; ilust. de Villar. |
| 260 |
_aMadrid : _bB. RodrÃguez Serra, _c[entre 1901 y 1904] |
||
| 300 |
_a96 p. : _bil. ; _c13 cm. |
||
| 490 | 1 |
_aBiblioteca Mignon ; _v35 |
|
| 700 | 0 |
_aVillar _c, ilustrador. _9115084 |
|
| 830 | 0 |
_aBiblioteca Mignon ; _v35 _9186216 |
|
| 852 |
_aES-MaACL _jF-1206(1) |
||
| 999 |
_c115311 _d115311 |
||